<?xml version="1.0" encoding="UTF-8"?><marc:collection xmlns:marc="http://www.loc.gov/MARC21/slim">
  <marc:record>
    <marc:leader>00000nam  22000008a 4500</marc:leader>
    <marc:controlfield tag="001">9.837740</marc:controlfield>
    <marc:controlfield tag="003">CaOODSP</marc:controlfield>
    <marc:controlfield tag="005">20221107151218</marc:controlfield>
    <marc:controlfield tag="007">cr |||||||||||</marc:controlfield>
    <marc:controlfield tag="008">170605s1991    onc    #o    f000 0 eng d</marc:controlfield>
    <marc:datafield tag="040" ind1=" " ind2=" ">
      <marc:subfield code="a">CaOODSP</marc:subfield>
      <marc:subfield code="b">eng</marc:subfield>
    </marc:datafield>
    <marc:datafield tag="043" ind1=" " ind2=" ">
      <marc:subfield code="a">n-cn---</marc:subfield>
      <marc:subfield code="a">n-cn-qu</marc:subfield>
    </marc:datafield>
    <marc:datafield tag="086" ind1="1" ind2=" ">
      <marc:subfield code="a">NH15-605/1991E-PDF</marc:subfield>
    </marc:datafield>
    <marc:datafield tag="100" ind1="1" ind2=" ">
      <marc:subfield code="a">Hurtubise, Jules.</marc:subfield>
    </marc:datafield>
    <marc:datafield tag="245" ind1="1" ind2="0">
      <marc:subfield code="a">Housing and families </marc:subfield>
      <marc:subfield code="h">[electronic resource] : </marc:subfield>
      <marc:subfield code="b">new needs and new trends / </marc:subfield>
      <marc:subfield code="c">Jules Hurtubise.</marc:subfield>
    </marc:datafield>
    <marc:datafield tag="246" ind1="1" ind2="5">
      <marc:subfield code="a">My industry, I take care of it! : </marc:subfield>
      <marc:subfield code="b">Workshop IX, Families and the decision to purchase or renovate : work paper</marc:subfield>
    </marc:datafield>
    <marc:datafield tag="260" ind1=" " ind2=" ">
      <marc:subfield code="a">[Ottawa] : </marc:subfield>
      <marc:subfield code="b">[Canada Mortgage and Housing Corporation], </marc:subfield>
      <marc:subfield code="c">1991.</marc:subfield>
    </marc:datafield>
    <marc:datafield tag="300" ind1=" " ind2=" ">
      <marc:subfield code="a">29, [3] p. </marc:subfield>
    </marc:datafield>
    <marc:datafield tag="500" ind1=" " ind2=" ">
      <marc:subfield code="a">"November 1991".</marc:subfield>
    </marc:datafield>
    <marc:datafield tag="500" ind1=" " ind2=" ">
      <marc:subfield code="a">Issued also in French under title: L'habitation et les familles : de nouveaux besoins et de nouvelles tendances.</marc:subfield>
    </marc:datafield>
    <marc:datafield tag="500" ind1=" " ind2=" ">
      <marc:subfield code="a">Digitized edition from print produced 2015 [for Canada Mortgage and Housing Corporation].</marc:subfield>
    </marc:datafield>
    <marc:datafield tag="520" ind1="0" ind2=" ">
      <marc:subfield code="a">"This paper analyzes the events which put pressure on the family which in turn exercise specific pressures on housing (the return of the spouse to studies or to work, the special needs of adolescents, home-based work, divorce, etc.).  It also profiles the housing needs of couples in Quebec who have recently bought or renovated a house, and the elements which counted in the choice of their present house.  One message stands out throughout this analysis. The 90s are heralding an acceleration in the diversification of housing in Quebec.  A wider range of functions are being called for in the kitchen, the main bathroom and the master bedroom.  New functions are also being sought for the second bedroom such as: a distinct office-room with an outside entrance"--provided by publisher.</marc:subfield>
    </marc:datafield>
    <marc:datafield tag="692" ind1="0" ind2="7">
      <marc:subfield code="2">gccst</marc:subfield>
      <marc:subfield code="a">Housing</marc:subfield>
    </marc:datafield>
    <marc:datafield tag="692" ind1="0" ind2="7">
      <marc:subfield code="2">gccst</marc:subfield>
      <marc:subfield code="a">Family</marc:subfield>
    </marc:datafield>
    <marc:datafield tag="710" ind1="2" ind2=" ">
      <marc:subfield code="a">Canada Mortgage and Housing Corporation.</marc:subfield>
    </marc:datafield>
    <marc:datafield tag="775" ind1="0" ind2="8">
      <marc:subfield code="t">L'habitation et les famillies </marc:subfield>
      <marc:subfield code="w">(CaOODSP)9.837744</marc:subfield>
    </marc:datafield>
    <marc:datafield tag="856" ind1="4" ind2="0">
      <marc:subfield code="q">PDF</marc:subfield>
      <marc:subfield code="s">841 KB</marc:subfield>
      <marc:subfield code="u">https://publications.gc.ca/collections/collection_2017/schl-cmhc/NH15-605-1991-eng.pdf</marc:subfield>
    </marc:datafield>
  </marc:record>
</marc:collection>
